Central Library OPAC University of Rajshahi

The personal history of David Copperfield / (Record no. 82659)

MARC details
000 -LEADER
fixed length control field 00941nam a2200289 i 4500
001 - CONTROL NUMBER
control field 82659
003 - CONTROL NUMBER IDENTIFIER
rucl marc code BD-RjUL
005 - DATE AND TIME OF LATEST TRANSACTION
control field 20240117121059.0
008 - FIXED-LENGTH DATA ELEMENTS--GENERAL INFORMATION
fixed length control field 830301s1952 ka 00001 eng d
020 ## - INTERNATIONAL STANDARD BOOK NUMBER
International Standard Book Number 0192545027
035 ## - SYSTEM CONTROL NUMBER
System control number (BD-RjUL)82659
System control number 644720
040 ## - CATALOGING SOURCE
Transcribing agency BD-RjUL
Original cataloging agency BD-RjUL
Language of cataloging eng
041 ## - LANGUAGE CODE
Language code of text/sound track or separate title eng
082 0# - DEWEY DECIMAL CLASSIFICATION NUMBER
Classification number 823.8
Author mark and year DIP 1952
100 1# - MAIN ENTRY--PERSONAL NAME
Personal name Dickens, Charles,
Dates associated with a name 1812-1870.
245 14 - TITLE STATEMENT
Title The personal history of David Copperfield /
Statement of responsibility, etc. by Charles Dickens ; with forty illustrations by 'Phiz' ; and an introduction by R.H. Malden.
260 ## - PUBLICATION, DISTRIBUTION, ETC. (IMPRINT)
Place of publication, distribution, etc. London :
Name of publisher, distributor, etc. Oxford University Press,
Date of publication, distribution, etc. 1952.
300 ## - PHYSICAL DESCRIPTION
Pagination xix,877p. :
Illustrations ill. ;
Size 20cm.
490 1# - SERIES STATEMENT
Series statement The New Oxford illustrated Dickens
600 10 - SUBJECT ADDED ENTRY--PERSONAL NAME
Personal name Dickens, Charles,
Dates associated with a name 1812-1870.
Title of a work David Copperfield.
830 #0 - SERIES ADDED ENTRY--UNIFORM TITLE
Uniform title New Oxford illustrated Dickens.
942 ## - ADDED ENTRY ELEMENTS (KOHA)
Source of classification or shelving scheme Dewey Decimal Classification
Koha item type Books
Holdings
Lost status Source of classification or shelving scheme Damaged status Not for loan Permanent Location Current Location Shelving location Date acquired Total Checkouts Full call number Date last seen Copy number Koha item type
  Dewey Decimal Classification   Not For Loan Central Library, University of Rajshahi Central Library, University of Rajshahi Reading Room 17/01/2024   823.8 DIP 1952 17/01/2024 C-1 Books